[Event "Titled Tue 3rd Jun Early"]
[Site "chess.com INT"]
[Date "2025.06.03"]
[Round "9"]
[White "Vafin, Ayrat"]
[Black "Alonso Rosell, Alvar"]
[Result "0-1"]
[WhiteTitle "FM"]
[BlackTitle "GM"]
[WhiteElo "2302"]
[BlackElo "2550"]
[WhiteFideId "4146530"]
[BlackFideId "2270544"]
[EventDate "2025.06.03"]

1. Nf3 Nf6 2. g3 d5 3. Bg2 e6 4. c4 Be7 5. b3 O-O 6. Bb2 b6 7. O-O Bb7 8. e3
Nbd7 9. Qe2 Re8 10. Nc3 a6 11. Rfd1 Bd6 12. Rac1 Qe7 13. cxd5 exd5 14. Nd4 g6
15. Nf3 Rad8 16. Rc2 h5 17. d3 Nf8 18. Qf1 c5 19. d4 Ne6 20. dxc5 bxc5 21. Rcd2
Bb8 22. Na4 Ne4 23. Rc2 Ba7 24. Nd2 f5 25. Nxe4 fxe4 26. Bh3 Ng5 27. Bg2 Rf8 28.
h4 Nf3+ 29. Bxf3 Rxf3 30. Ba3 Rdf8 31. Bxc5 Bxc5 32. Nxc5 Bc8 33. Qe1 g5 34. Qb4
gxh4 35. Nxa6 Qf6 36. Rxc8 Rxc8 37. Qb7 Rd8 38. Rxd5 Rf8 39. Rd2 hxg3 40. Qd5+
Kh8 41. Qxh5+ Kg8 42. Qg4+ Qg7 43. Qxg7+ Kxg7 44. fxg3 Rxe3 45. Kg2 Rd3 46. Re2
e3 47. Nb4 Rd2 48. Rxd2 exd2 0-1

[Event "Titled Tue 3rd Jun Early"]
[Site "chess.com INT"]
[Date "2025.06.03"]
[Round "9"]
[White "Khazhatuly, Alikhan"]
[Black "Sadubayev, Airat"]
[Result "1-0"]
[WhiteTitle "CM"]
[BlackTitle "FM"]
[WhiteElo "2196"]
[BlackElo "2211"]
[WhiteFideId "13731335"]
[BlackFideId "13713264"]
[EventDate "2025.06.03"]

1. e4 c6 2. d4 d5 3. Nd2 dxe4 4. Nxe4 Nf6 5. Nxf6+ exf6 6. c3 Bd6 7. Bd3 O-O 8.
Qc2 Re8+ 9. Ne2 h5 10. O-O h4 11. h3 Nd7 12. Bd2 Nf8 13. Rae1 c5 14. d5 Bd7 15.
c4 Rc8 16. Kh1 b5 17. b3 Qb6 18. Ng1 Rb8 19. Rxe8 Bxe8 20. Nf3 bxc4 21. Qxc4 g5
22. Bc3 Qd8 23. Qg4 Ng6 24. Bxg6 fxg6 25. Qe6+ Bf7 26. Qxf6 Qxf6 27. Bxf6 Re8
28. Rd1 Re2 29. Bxg5 Rxf2 30. Bxh4 Rxa2 31. Bf6 Ra3 32. Be5 Be7 33. d6 Bd8 34.
Rc1 Rxb3 35. Rxc5 Be6 36. Nd4 Rb1+ 37. Kh2 Bd7 38. Nc6 Bb6 39. Rc2 Kf7 40. Ne7
Ke6 41. Bf4 Kf7 42. Re2 Rb4 43. Nd5 Rd4 44. Re7+ Kf8 45. Bh6+ Kg8 46. Nf6+ Kh8
47. Rh7# 1-0

[Event "Titled Tue 3rd Jun Early"]
[Site "chess.com INT"]
[Date "2025.06.03"]
[Round "9"]
[White "Marchesich, Giovanni"]
[Black "Ersoz, Teoman Guney"]
[Result "0-1"]
[WhiteTitle "CM"]
[BlackTitle "CM"]
[WhiteElo "2219"]
[BlackElo "2090"]
[WhiteFideId "2824790"]
[BlackFideId "44537050"]
[EventDate "2025.06.03"]

1. d4 Nf6 2. Nc3 d5 3. Bf4 e6 4. a3 Bd6 5. e3 O-O 6. Nf3 Bxf4 7. exf4 c5 8. dxc5
Qc7 9. Ne5 Qxc5 10. Bd3 Nc6 11. O-O d4 12. Na4 Qa5 13. Nxc6 bxc6 14. c3 c5 15.
b4 cxb4 16. axb4 Qc7 17. cxd4 Qxf4 18. Nc5 Rd8 19. Qc2 Ng4 20. g3 Qh6 21. h4
Rxd4 22. Rfd1 Qf6 23. Bxh7+ Kh8 24. Rxd4 Qxd4 25. Rd1 Qxf2+ 26. Qxf2 Nxf2 27.
Kxf2 Kxh7 28. Rd8 e5 29. Ke3 f6 30. Re8 Bb7 31. Re7 Bd5 32. Rd7 Bc6 33. Rc7 Bd5
34. Rd7 Ba2 35. Rd2 Bf7 36. Rd7 Kg8 37. Na6 Bc4 38. Nc5 a5 39. bxa5 Rxa5 40.
Rd8+ Kf7 41. Ne4 Ra3+ 42. Kf2 Kg6 43. Nd6 Ra2+ 44. Ke3 Be6 45. Re8 Bd5 46. Rd8
Ra3+ 47. Kf2 Be6 48. Ne4 Bf5 49. Nc5 Bg4 50. Ne4 Rf3+ 51. Kg2 Re3 52. Nf2 Bf3+
53. Kh3 Re2 54. Ng4 Bg2+ 55. Kh2 Be4+ 56. Kh3 Bf5 57. Rh8 Re4 58. h5+ Kf7 59. h6
Bxg4+ 0-1

[Event "Titled Tue 3rd Jun Early"]
[Site "chess.com INT"]
[Date "2025.06.03"]
[Round "9"]
[White "Goncharov, Vladimir"]
[Black "Mikhailova, Irina"]
[Result "1-0"]
[BlackTitle "WGM"]
[WhiteElo "2077"]
[BlackElo "2143"]
[WhiteFideId "34162256"]
[BlackFideId "4109040"]
[EventDate "2025.06.03"]

1. d4 Nf6 2. c4 g6 3. Nc3 d5 4. Nf3 Bg7 5. Bg5 dxc4 6. e4 c5 7. Bxc4 cxd4 8.
Nxd4 O-O 9. Nde2 Qa5 10. Bd2 Qc7 11. Bb3 Nc6 12. O-O Rd8 13. Qc1 Bg4 14. f3 Bd7
15. Bf4 Ne5 16. Kh1 Nh5 17. Be3 Rac8 18. Nd5 Qxc1 19. Raxc1 Rxc1 20. Rxc1 e6 21.
Nb4 a5 22. f4 axb4 23. fxe5 Bc6 24. g4 Bxe5 25. gxh5 Bxe4+ 26. Kg1 Kg7 27. hxg6
hxg6 28. Rd1 Rxd1+ 29. Bxd1 Bxb2 30. Kf2 e5 31. Bb3 f5 32. Bc5 Bc3 33. Ke3 Kf6
34. a3 Be1 35. Bxb4 Bh4 36. Kd2 Bc6 37. Nc3 e4 38. Nd5+ Ke5 39. Bc3+ Kd6 40. Nf4
Bg5 41. Ke3 Ke7 42. Be1 Kf6 43. h4 Bh6 44. Bc3+ Ke7 45. Be5 Bd7 46. Kd4 Bxf4 47.
Bxf4 Be6 48. Bd1 Kf6 49. Bg5+ Kg7 50. Ke5 Bc4 51. a4 b6 52. Be3 b5 53. a5 b4 54.
Kd4 Ba6 55. Kc5 1-0

[Event "Titled Tue 3rd Jun Early"]
[Site "chess.com INT"]
[Date "2025.06.03"]
[Round "9"]
[White "Gong, Qianyun"]
[Black "Genkeswaran, Genivan"]
[Result "0-1"]
[WhiteTitle "WGM"]
[BlackTitle "CM"]
[WhiteElo "2265"]
[BlackElo "2197"]
[WhiteFideId "8602425"]
[BlackFideId "5754496"]
[EventDate "2025.06.03"]

1. d4 c6 2. e4 d5 3. e5 Bf5 4. h4 h5 5. c4 e6 6. Nc3 Bb4 7. cxd5 exd5 8. Ne2 Bg4
9. Qb3 c5 10. Bd2 Nc6 11. dxc5 Nge7 12. a3 Ba5 13. O-O-O O-O 14. Bg5 Qc7 15. f4
Bxc3 16. Qxc3 d4 17. Qd2 b6 18. Kb1 bxc5 19. Rc1 Qb6 20. Ng3 Nd5 21. Bc4 Nc3+
22. Ka1 Na5 23. Rxc3 dxc3 24. Qxc3 Nxc4 25. Qxc4 Rab8 26. Rb1 Be6 27. Qc3 Qb3
28. Qxb3 Rxb3 29. Ne4 Bf5 30. Nxc5 Rb5 31. Rc1 Rc8 32. b4 a5 33. Rc4 axb4 34.
axb4 Rcb8 35. Be7 Rxb4 36. Rxb4 Rxb4 37. g3 Rc4 38. Kb2 Rc2+ 39. Kb3 Rg2 40. Kc4
Rxg3 41. Kd5 Rf3 42. Bg5 Kh7 43. Nb7 Rd3+ 44. Kc4 Kg6 45. Nd6 Rd1 46. Kc5 f6 47.
exf6 gxf6 48. Nxf5 Kxf5 49. Bh6 Rd8 50. Kc6 Kg6 51. Bg5 fxg5 52. fxg5 Rd4 0-1

[Event "Titled Tue 3rd Jun Early"]
[Site "chess.com INT"]
[Date "2025.06.03"]
[Round "9"]
[White "Shuvalov, Evgenij"]
[Black "Rentsen, Erdenetulga"]
[Result "0-1"]
[WhiteElo "1986"]
[BlackElo "2182"]
[WhiteFideId "4187237"]
[BlackFideId "4901320"]
[EventDate "2025.06.03"]

1. d4 d5 2. c4 c6 3. Nf3 Nf6 4. Nc3 e6 5. e3 Nbd7 6. Qc2 Bd6 7. Be2 b6 8. O-O
Bb7 9. a4 O-O 10. a5 bxa5 11. c5 Bc7 12. e4 e5 13. exd5 cxd5 14. Nb5 Bc6 15.
Nxc7 Qxc7 16. Bd2 a4 17. dxe5 Nxe5 18. Nd4 Nc4 19. Bxc4 dxc4 20. Nxc6 Qxc6 21.
Qxc4 Rab8 22. Bc3 Ne4 23. Bd4 Nd2 24. Qc3 Nxf1 25. Bxg7 Rb3 26. Qd4 Re8 27. Rxf1
Re4 28. Qf6 Re6 29. Qd4 Rg6 30. g3 f6 31. Re1 Rb8 32. Qf4 Re8 33. Rxe8+ Qxe8 34.
Bh6 Qe1+ 35. Kg2 Qe8 36. Qc4+ Qf7 37. Qf4 Qb7+ 38. Kh3 Qc8+ 39. Kg2 Qxc5 40.
Qb8+ Kf7 41. Qb7+ Qe7 42. Qd5+ Qe6 43. Qb7+ Qe7 44. Qd5+ Ke8 45. Qa8+ Qd8 46.
Qc6+ Qd7 47. Qa8+ Ke7 48. Qe4+ Qe6 49. Qb7+ Qd7 50. Qe4+ Kf7 0-1

[Event "Titled Tue 3rd Jun Early"]
[Site "chess.com INT"]
[Date "2025.06.03"]
[Round "9"]
[White "Hobaica, Juan Pablo"]
[Black "Zieba, Hubert"]
[Result "1-0"]
[WhiteTitle "IM"]
[BlackTitle "CM"]
[WhiteElo "2412"]
[BlackElo "2233"]
[WhiteFideId "104159"]
[BlackFideId "21844704"]
[EventDate "2025.06.03"]

1. e4 c5 2. Nc3 Nc6 3. g3 g6 4. Bg2 Bg7 5. d3 d6 6. f4 Rb8 7. Be3 Nf6 8. Nf3 Bg4
9. h3 Bxf3 10. Qxf3 Nd4 11. Qf2 Nd7 12. f5 O-O 13. h4 e6 14. h5 exf5 15. hxg6
fxg6 16. exf5 Nxf5 17. Bd5+ Kh8 18. O-O-O Nf6 19. Bg5 Qa5 20. Bxf6 Bxf6 21. Ne4
Rbe8 22. Nxf6 Rxf6 23. g4 Re5 24. Bb3 b5 25. gxf5 Rfxf5 26. Qh4 Qc7 27. Rdg1 Qg7
28. Qd8+ Rf8 29. Qxd6 Rc8 30. c3 c4 31. dxc4 bxc4 32. Bc2 Rce8 33. a3 R5e6 34.
Qd2 Re2 35. Qd5 Qc7 36. Qd4+ Qe5 37. Qxe5+ R8xe5 38. Bxg6 Re7 39. Bc2 Rf2 40.
Re1 Rd7 41. Rd1 Re7 42. Rd2 Rf8 43. Rdh2 Rff7 44. a4 Rc7 45. a5 Kg8 46. a6 Kf8
47. Bxh7 Rc6 48. Be4 Rxa6 49. Bd5 Rf4 50. Rh8+ Ke7 51. R1h7+ Kf6 52. Rh6+ Kg7
53. R8h7+ Kf8 54. Rxa6 1-0

[Event "Titled Tue 3rd Jun Early"]
[Site "chess.com INT"]
[Date "2025.06.03"]
[Round "9"]
[White "Lyutsinger, Iren"]
[Black "Huseynova, Lala"]
[Result "1/2-1/2"]
[WhiteTitle "FM"]
[BlackTitle "WFM"]
[WhiteElo "2266"]
[BlackElo "2123"]
[WhiteFideId "34425969"]
[BlackFideId "13431781"]
[EventDate "2025.06.03"]

1. e4 c5 2. Nf3 d6 3. d4 cxd4 4. Nxd4 Nf6 5. Nc3 a6 6. Bg5 Nbd7 7. Bc4 e6 8. Qe2
Be7 9. O-O-O O-O 10. Kb1 b5 11. Bxe6 fxe6 12. Nxe6 Qb6 13. Nxf8 Nxf8 14. f4 Be6
15. Bxf6 Bxf6 16. Nd5 Bxd5 17. Rxd5 Ne6 18. Qd2 Nc5 19. e5 dxe5 20. fxe5 Be7 21.
Rd1 Qe6 22. Qe3 Rc8 23. R5d2 h6 24. Qf3 Na4 25. Qd5 Qxd5 26. Rxd5 Nb6 27. R5d4
Kf7 28. Rg4 Rc4 29. Rf1+ Kg8 30. Rxc4 Nxc4 31. Re1 Kf7 32. b3 Nb6 33. Re4 Ke6
34. c4 bxc4 35. bxc4 Na4 36. Kc2 Nc5 37. Rg4 g5 38. h4 Kxe5 39. hxg5 Bxg5 40.
Kc3 Kf5 41. Rxg5+ hxg5 42. Kb4 Ne4 43. Ka5 Ke5 44. Kxa6 Kd4 45. a4 Kxc4 46. a5
Kc5 47. Kb7 Nd6+ 48. Kc7 Nb5+ 49. Kd7 Kd5 50. a6 g4 51. g3 Na7 52. Kc7 Nc6 53.
Kd7 Na7 54. Kc7 Nb5+ 55. Kd7 Na7 1/2-1/2

[Event "Titled Tue 3rd Jun Early"]
[Site "chess.com INT"]
[Date "2025.06.03"]
[Round "9"]
[White "Duarte Cramer, Lily Jeanette"]
[Black "Fernandes, Rogerio Paulo Muller"]
[Result "1-0"]
[WhiteTitle "WCM"]
[WhiteElo "1828"]
[BlackElo "2241"]
[WhiteFideId "29620180"]
[BlackFideId "2101599"]
[EventDate "2025.06.03"]

1. e4 e6 2. d4 d5 3. e5 c5 4. c3 Nc6 5. Nf3 Qb6 6. Be2 cxd4 7. cxd4 Nh6 8. Bxh6
Qxb2 9. Bd2 Qxa1 10. Qc2 Nxd4 11. Qa4+ Nc6 12. Qb3 Nxe5 13. Bc3 Nxf3+ 14. Bxf3
Bb4 15. O-O Bxc3 16. Nxc3 Qxf1+ 17. Kxf1 O-O 18. Ne2 b6 19. Nf4 Bb7 20. Nh5 Rac8
21. Be2 Rc1+ 22. Bd1 Ba6+ 23. Ke1 Rfc8 24. Qg3 g6 25. Nf6+ Kf8 26. Qd6+ Kg7 27.
Qe5 Kf8 28. Nxh7+ Ke7 29. Qf6+ Ke8 30. Qe5 R8c4 31. Nf6+ Ke7 32. Nxd5+ Kd7 33.
Nf6+ Kc8 34. Kd2 Bb7 35. Qd6 Bc6 36. Qf8+ Kb7 37. Qxf7+ Ka6 38. Qxe6 Ba4 39.
Bxa4 Rf1 40. Qxc4+ Kb7 41. Qxf1 a6 42. Qd3 b5 43. Qd7+ Kb6 44. Bb3 Ka5 45. Qd8+
Kb4 46. Kc2 a5 47. Kb2 a4 48. a3+ Kc5 49. Qd5+ Kb6 50. Bxa4 bxa4 51. Kc3 g5 52.
Kb4 g4 53. Qc5+ Kb7 54. Qd6 g3 55. Kb5 gxf2 56. Qe7+ Kc8 57. Kc6 f1=Q 58. Qc7# 1-0

[Event "Titled Tue 3rd Jun Early"]
[Site "chess.com INT"]
[Date "2025.06.03"]
[Round "9"]
[White "Grodotzki, Kenneth"]
[Black "Shymanskyi, Oleksandr"]
[Result "0-1"]
[WhiteTitle "CM"]
[BlackTitle "FM"]
[WhiteElo "1984"]
[BlackElo "2218"]
[WhiteFideId "4648560"]
[BlackFideId "14168880"]
[EventDate "2025.06.03"]

1. f4 g6 2. Nf3 Bg7 3. g3 c5 4. Bg2 Nc6 5. O-O d6 6. d3 Nf6 7. c3 O-O 8. h3 Rb8
9. g4 e6 10. e4 b5 11. Nbd2 b4 12. c4 Nd7 13. Re1 Nd4 14. Nf1 Bb7 15. Ng3 Nxf3+
16. Qxf3 f5 17. gxf5 exf5 18. Kh2 fxe4 19. dxe4 Ne5 20. Qe2 Nc6 21. Be3 Qh4 22.
Rad1 Bd4 23. Qg4 Qxg4 24. hxg4 Bxe3 25. Rxe3 Rxf4 26. Rxd6 Nd4 27. g5 Rf2 28. a3
b3 29. Rxd4 cxd4 30. Rxb3 Rxg2+ 31. Kxg2 Bxe4+ 32. Nxe4 Rxb3 33. Nf6+ Kf7 34. c5
Rxb2+ 35. Kf3 h6 36. Ne4 Rb3+ 37. Kf4 hxg5+ 38. Nxg5+ Kf6 39. Ne4+ Ke6 40. c6
Rb8 41. c7 Rc8 42. Nc5+ Kd6 43. Na6 Rxc7 44. Ke4 Rc6 45. Nb4 Rc3 46. Kxd4 Rxa3
47. Nc2 Ra4+ 48. Ke3 Rh4 49. Kf3 Kd5 50. Kg3 Re4 51. Na1 a5 52. Nb3 a4 53. Nd2
Rd4 54. Nf1 a3 55. Ne3+ Kc5 56. Kf2 a2 57. Nc2 Rd2+ 0-1

[Event "Titled Tue 3rd Jun Early"]
[Site "chess.com INT"]
[Date "2025.06.03"]
[Round "9"]
[White "Paravyan, David"]
[Black "Csonka, Balazs"]
[Result "1-0"]
[WhiteTitle "GM"]
[BlackTitle "IM"]
[WhiteElo "2596"]
[BlackElo "2469"]
[WhiteFideId "4194985"]
[BlackFideId "742910"]
[EventDate "2025.06.03"]

1. d4 d5 2. c4 dxc4 3. Nf3 Nf6 4. e3 e6 5. Bxc4 c5 6. O-O a6 7. Nbd2 Nc6 8. dxc5
Bxc5 9. Nb3 Qxd1 10. Rxd1 Be7 11. Bd2 b6 12. Rac1 Bb7 13. Be2 O-O 14. Be1 Rfc8
15. a3 Kf8 16. Nfd2 Nb8 17. Bf3 Nd5 18. Rxc8+ Bxc8 19. Nc4 Nd7 20. Bxd5 exd5 21.
Rxd5 Nf6 22. Rd3 Bf5 23. Rc3 Nd5 24. Rc1 Rc8 25. Bd2 Bf6 26. Nd4 Bxd4 27. exd4
b5 28. Ne5 Rxc1+ 29. Bxc1 f6 30. Nc6 Bd7 31. Na5 Ke7 32. f3 Ke6 33. Kf2 Nb6 34.
Ke3 Nc4+ 35. Nxc4 bxc4 36. Kd2 Kd5 37. Kc3 a5 38. Be3 a4 39. Kb4 Be8 40. Bf2 Bd7
41. Ka5 h5 42. Kb6 Bf5 43. Kc7 Bd3 44. Kd7 g5 45. Ke7 f5 46. Kf6 g4 47. Kg5 gxf3
48. gxf3 Be2 49. Kxh5 Bxf3+ 50. Kg5 Ke4 51. h4 f4 52. h5 1-0

[Event "Titled Tue 3rd Jun Early"]
[Site "chess.com INT"]
[Date "2025.06.03"]
[Round "9"]
[White "Karpenko, Anton"]
[Black "Hansen, Sune Berg"]
[Result "1/2-1/2"]
[WhiteTitle "CM"]
[BlackTitle "GM"]
[WhiteElo "2218"]
[BlackElo "2503"]
[WhiteFideId "34374353"]
[BlackFideId "1400266"]
[EventDate "2025.06.03"]

1. e4 c5 2. Nf3 Nc6 3. d4 cxd4 4. Nxd4 e5 5. Nb5 d6 6. N1c3 a6 7. Na3 Be7 8. Nc4
b5 9. Ne3 Nf6 10. Bd3 Nb4 11. a4 bxa4 12. Rxa4 Rb8 13. O-O O-O 14. Bc4 Qc7 15.
b3 Be6 16. Ba3 a5 17. Bxb4 axb4 18. Ncd5 Nxd5 19. Nxd5 Bxd5 20. Bxd5 Kh8 21. Qd3
Qc5 22. Rfa1 Bd8 23. Ra7 Bb6 24. Rd7 Qxf2+ 25. Kh1 Bd4 26. Rf1 Qe3 27. Qxe3 Bxe3
28. Rfxf7 Bc5 29. h4 Rxf7 30. Rxf7 g6 31. Kh2 Rc8 32. Bc4 Be3 33. g3 Bh6 34. Kh3
Rd8 35. Kg4 Be3 36. Rb7 Bc5 37. Bd5 Rf8 38. Bf7 Kg7 39. Bc4+ Kh6 40. Rf7 Rxf7
41. Bxf7 Kg7 42. Be6 h5+ 43. Kh3 Kf6 44. Bd5 g5 45. hxg5+ Kxg5 46. Bf7 Be3 47.
Bc4 Bc5 48. Be2 Bd4 49. Bf3 Bc5 50. Be2 Bd4 51. Kg2 Be3 52. Bf3 Bc5 53. Be2 Bd4
54. Kf3 Bc5 55. Bd3 Bd4 56. Be2 Bc3 57. Bd3 Be1 58. Be2 Bc3 59. Bd3 Bd4 60. Be2 1/2-1/2

[Event "Titled Tue 3rd Jun Early"]
[Site "chess.com INT"]
[Date "2025.06.03"]
[Round "9"]
[White "Demchenko, Yaroslav"]
[Black "Behzad Nazif, Parva"]
[Result "0-1"]
[WhiteTitle "CM"]
[BlackTitle "WIM"]
[WhiteElo "2286"]
[BlackElo "2090"]
[WhiteFideId "14186667"]
[BlackFideId "12563790"]
[EventDate "2025.06.03"]

1. Nf3 Nf6 2. b3 g6 3. Bb2 Bg7 4. d4 O-O 5. e3 d6 6. Be2 Nbd7 7. O-O c5 8. c4
cxd4 9. exd4 d5 10. Nbd2 b6 11. Rc1 Bb7 12. Re1 Rc8 13. Nf1 Nh5 14. Ne3 Nf4 15.
Bf1 Nc5 16. Ne5 Ne4 17. f3 Nd6 18. g3 Nh5 19. cxd5 Nf6 20. Nc6 Qd7 21. Ne5 Qd8
22. Bc4 b5 23. Bd3 Nxd5 24. Nxd5 Bxd5 25. Qe2 Qa5 26. Nd7 Rxc1 27. Rxc1 Qxa2 28.
Nxf8 Bxf8 29. Rc7 a6 30. b4 e6 31. Rc3 Nc4 32. Ba3 Qa1+ 33. Rc1 Qxa3 34. Rb1
Bxb4 35. Kg2 Bc3 36. h4 Bxd4 37. h5 Ne3+ 38. Kh2 Qd6 39. Rd1 Nc4 40. hxg6 hxg6
41. Be4 Bxe4 42. Qxe4 e5 43. f4 Qe6 44. fxe5 Bxe5 45. Rd8+ Kg7 46. Qh4 Bxg3+ 47.
Kxg3 Qe1+ 48. Kh3 Qxh4+ 49. Kxh4 a5 50. Rd5 b4 51. Rc5 b3 52. Rb5 b2 53. Kg4 a4
54. Kf4 a3 55. Ke4 a2 56. Kd4 b1=Q 0-1

[Event "Titled Tue 3rd Jun Early"]
[Site "chess.com INT"]
[Date "2025.06.03"]
[Round "9"]
[White "Rojas Alarcon, Julian Antonio"]
[Black "Aarav Sinha"]
[Result "1-0"]
[WhiteTitle "FM"]
[BlackTitle "FM"]
[WhiteElo "2365"]
[BlackElo "2255"]
[WhiteFideId "5107407"]
[BlackFideId "25674064"]
[EventDate "2025.06.03"]

1. d4 Nf6 2. c4 e6 3. Nf3 d5 4. g3 dxc4 5. Bg2 c5 6. O-O Nc6 7. dxc5 Qxd1 8.
Rxd1 Bxc5 9. Nbd2 c3 10. bxc3 O-O 11. Nb3 Be7 12. Nfd4 Nxd4 13. cxd4 Nd5 14. Bb2
f5 15. a4 Bd7 16. a5 a6 17. Nc5 Bxc5 18. dxc5 Bc6 19. Be5 Rfd8 20. h4 Kf7 21. e4
fxe4 22. Bxe4 g6 23. Ra3 Nb4 24. Rf3+ Kg8 25. Re1 Bxe4 26. Rxe4 Nc6 27. Bd6 Rd7
28. Rxe6 Nxa5 29. h5 gxh5 30. Rf5 Nc4 31. Be7 Re8 32. Re4 Rdxe7 33. Rxc4 Re5 34.
Rf6 R8e6 35. Rff4 Rc6 36. Rb4 Re7 37. Rf5 a5 38. Ra4 Ra6 39. Rxh5 Rc7 40. Rf5
Rf7 41. Rd5 Kf8 42. g4 Ke8 43. Kg2 Rd7 44. Rh5 Kd8 45. Kg3 Kc7 46. c6 Kxc6 47.
Rhxa5 Rxa5 48. Rxa5 Kd6 49. f4 Ke6 50. f5+ Kf6 51. Kh4 Rd1 52. Rb5 Rh1+ 53. Kg3
Rg1+ 54. Kf3 Rf1+ 55. Kg2 Rf4 56. Kg3 Rc4 57. Rxb7 Rd4 58. Rxh7 1-0

[Event "Titled Tue 3rd Jun Early"]
[Site "chess.com INT"]
[Date "2025.06.03"]
[Round "9"]
[White "Vingris, Mikelis"]
[Black "Toroptseva, Yevheniia"]
[Result "1-0"]
[BlackTitle "WFM"]
[WhiteElo "2102"]
[BlackElo "2064"]
[WhiteFideId "11611731"]
[BlackFideId "34109374"]
[EventDate "2025.06.03"]

1. e4 c5 2. Nf3 e6 3. d4 cxd4 4. Nxd4 Nf6 5. Bd3 Nc6 6. Nxc6 bxc6 7. O-O d5 8.
exd5 cxd5 9. Bf4 Bd6 10. Bb5+ Bd7 11. Bxd7+ Qxd7 12. Bxd6 Qxd6 13. c4 O-O 14.
cxd5 Nxd5 15. Nc3 Rfd8 16. Nxd5 Qxd5 17. Qxd5 Rxd5 18. Rfd1 Rad8 19. Rxd5 Rxd5
20. Rc1 Kf8 21. Kf1 Rd2 22. Rc8+ Ke7 23. Rb8 Rc2 24. a3 Kf6 25. Rb7 a6 26. g3
Rc6 27. Ke2 e5 28. b4 Ke6 29. Kd3 h5 30. h4 g6 31. a4 Rd6+ 32. Kc3 Rc6+ 33. Kb3
f5 34. a5 Kd5 35. Ka4 Rc2 36. Rb6 Ra2+ 37. Kb3 Rxf2 38. Rxa6 e4 39. Rxg6 e3 40.
Kc3 Rg2 41. Kd3 e2 42. Kd2 Kc4 43. a6 Kxb4 44. a7 e1=Q+ 45. Kxe1 Ra2 46. Rg5
Rxa7 47. Rxf5 Rh7 48. Kf2 Kc4 49. Kf3 Kd4 50. Kf4 Rh8 51. Ra5 Rf8+ 52. Rf5 Rg8
53. Rf7 1-0

[Event "Titled Tue 3rd Jun Early"]
[Site "chess.com INT"]
[Date "2025.06.03"]
[Round "9"]
[White "Reshetnikov, Alexey"]
[Black "Mahdavi, Reza"]
[Result "1/2-1/2"]
[WhiteTitle "IM"]
[BlackTitle "IM"]
[WhiteElo "2492"]
[BlackElo "2445"]
[WhiteFideId "4162080"]
[BlackFideId "12595926"]
[EventDate "2025.06.03"]

1. d4 Nf6 2. c4 g6 3. Nc3 Bg7 4. e4 d6 5. Nf3 O-O 6. Be2 e5 7. O-O Nbd7 8. Qc2
Qe7 9. Rd1 c6 10. Rb1 Re8 11. d5 c5 12. Bg5 h6 13. Be3 b6 14. b4 Rf8 15. Nd2 Ne8
16. bxc5 Nxc5 17. Nb3 f5 18. Nxc5 bxc5 19. Rb3 Nf6 20. f3 Nh5 21. Rdb1 Nf4 22.
Bf1 Kh8 23. Rb8 Rxb8 24. Rxb8 fxe4 25. Nxe4 Bf5 26. Qb3 Kh7 27. Rb7 Qd8 28. Rxa7
Bxe4 29. fxe4 Qf6 30. Qd1 Rb8 31. g3 Rb2 32. Ra3 h5 33. gxf4 exf4 34. Bc1 Qg5+
35. Kh1 Rb1 36. Rb3 Ra1 37. Rb7 Qe5 38. Qc2 Kh6 39. Rb1 Rxb1 40. Qxb1 g5 41. a4
Qd4 42. Qc2 Be5 43. a5 Qa1 44. Qd2 Bc3 45. Qc2 Qxa5 46. e5 Bxe5 47. Qf5 Qe1 48.
Qe6+ Kg7 49. Qe7+ Kh8 50. Qe8+ Kg7 51. Qe7+ Kg6 52. Qe6+ Kh7 53. Qe7+ Kh6 54.
Qe6+ Kg7 55. Qe7+ 1/2-1/2

[Event "Titled Tue 3rd Jun Early"]
[Site "chess.com INT"]
[Date "2025.06.03"]
[Round "9"]
[White "Ambartsumova, Karina"]
[Black "Galchenko, Matvey"]
[Result "0-1"]
[WhiteTitle "IM"]
[BlackTitle "IM"]
[WhiteElo "2403"]
[BlackElo "2442"]
[WhiteFideId "4166299"]
[BlackFideId "24175480"]
[EventDate "2025.06.03"]

1. Nf3 c5 2. c4 g6 3. d4 cxd4 4. Nxd4 Bg7 5. e4 Nc6 6. Nc2 d6 7. Be2 Be6 8. O-O
Nf6 9. Nc3 Nd7 10. Bd2 Na5 11. b3 Rc8 12. Rc1 O-O 13. Ne3 f5 14. exf5 gxf5 15.
Ned5 Nc6 16. Bg5 Nde5 17. Re1 Qd7 18. f4 Ng6 19. Bh5 Rce8 20. Kh1 Bf7 21. Qd3 e6
22. Ne3 h6 23. Bxg6 Bxg6 24. Bh4 Kh7 25. Rcd1 Bh5 26. Rd2 Nb4 27. Qxd6 Qxd6 28.
Rxd6 Bxc3 29. Rc1 Bg7 30. a3 Nc6 31. b4 Rf7 32. b5 Nd4 33. a4 Ne2 34. Rf1 Rc7
35. h3 Bf8 36. Rd2 Bb4 37. Rd3 Be7 38. Be1 Bc5 39. Kh2 e5 40. Nd5 Rf7 41. fxe5
Rxe5 42. Bh4 Kg7 43. a5 f4 44. a6 bxa6 45. bxa6 Bg6 46. Rd2 Nd4 47. Rb2 Ne6 48.
Rb7 Bd3 49. Bf6+ Kg6 50. Bxe5 Bxf1 51. Bxf4 Nxf4 52. Rxf7 Kxf7 53. Nxf4 Bxc4 54.
Kg3 Bd6 55. Kf3 Bxf4 56. Kxf4 Bxa6 0-1

[Event "Titled Tue 3rd Jun Early"]
[Site "chess.com INT"]
[Date "2025.06.03"]
[Round "9"]
[White "Parfenov, Viktor N."]
[Black "Karimova, Guldona"]
[Result "1-0"]
[WhiteTitle "CM"]
[BlackTitle "WIM"]
[WhiteElo "2193"]
[BlackElo "2265"]
[WhiteFideId "4165969"]
[BlackFideId "14210410"]
[EventDate "2025.06.03"]

1. d4 Nf6 2. Bg5 Ne4 3. Bf4 d5 4. e3 c5 5. Bd3 Nf6 6. Nc3 a6 7. dxc5 Nc6 8. Nf3
e6 9. e4 Bxc5 10. exd5 Nxd5 11. Nxd5 Qxd5 12. O-O O-O 13. a3 a5 14. Qe2 Qd7 15.
Qe4 f5 16. Qc4 Qd5 17. Rad1 Qxc4 18. Bxc4 h6 19. Bd6 Bxd6 20. Rxd6 Kf7 21. Re1
Re8 22. Bb5 Ke7 23. Rxc6 bxc6 24. Bxc6 Rb8 25. Bxe8 Kxe8 26. b3 Bd7 27. Nd4 Kf7
28. f4 Rc8 29. a4 Rc3 30. Kf2 Kf6 31. Re3 Rc5 32. c4 g5 33. g3 Rc8 34. Nf3 Bc6
35. Ne5 Be4 36. Rc3 Rd8 37. c5 gxf4 38. gxf4 Rd2+ 39. Ke3 Rxh2 40. c6 Rh3+ 41.
Kd4 Rxc3 42. Kxc3 Ke7 43. Kd4 Kd6 44. Nf7+ Kxc6 45. Nxh6 Bd5 46. Kc3 Kc5 47. Nf7
Kc6 48. Ne5+ Kc5 49. Nd3+ Kb6 50. Nb2 Kc5 51. Nd3+ Kb6 52. b4 axb4+ 53. Kxb4 Be4
54. a5+ Kc7 55. Ne5 Bd5 56. Kc5 Kb7 57. Nd7 Ka6 58. Kb4 Bc6 59. Nc5+ Ka7 60.
Nxe6 Bd5 61. Nd4 Be4 62. Kb5 Bd3+ 63. Kc5 Be4 64. Kb4 Ka6 65. Nb5 Kb7 66. Nd6+
Ka6 67. Nxe4 fxe4 68. f5 e3 69. Kc3 Kxa5 70. f6 e2 71. Kd2 Kb5 72. f7 e1=Q+ 73.
Kxe1 Kc5 74. f8=Q+ Kd5 75. Qe8 Kd6 76. Ke2 Kc7 77. Ke3 Kb6 78. Qc8 Ka7 79. Kd4
Kb6 80. Kc4 Ka7 81. Qc6 Kb8 82. Qd7 Ka8 83. Kb5 Kb8 84. Kb6 1-0

[Event "Titled Tue 3rd Jun Early"]
[Site "chess.com INT"]
[Date "2025.06.03"]
[Round "9"]
[White "Noy, Eyal"]
[Black "Salimova, Asal"]
[Result "0-1"]
[WhiteTitle "FM"]
[BlackTitle "WCM"]
[WhiteElo "2346"]
[BlackElo "2003"]
[WhiteFideId "2821117"]
[BlackFideId "14204940"]
[EventDate "2025.06.03"]

1. e4 c5 2. Nf3 d6 3. g3 Nc6 4. Bg2 e5 5. O-O Nge7 6. c3 g6 7. d4 exd4 8. cxd4
Bg7 9. dxc5 dxc5 10. Qxd8+ Nxd8 11. Nc3 O-O 12. Be3 Ne6 13. Nd2 b6 14. f4 Ba6
15. Rfd1 Rad8 16. a4 Nd4 17. Bf2 Nc2 18. Rac1 Nb4 19. Bf1 Bxf1 20. Kxf1 Nd3 21.
Rb1 Nxb2 22. Rxb2 Bxc3 23. Rc2 Bb4 24. Ke2 Nc6 25. Nf3 Rxd1 26. Kxd1 Rd8+ 27.
Ke2 Re8 28. Kd3 Ba5 29. Re2 Nb4+ 30. Kc4 Rd8 31. Be1 Nc6 32. Bxa5 Nxa5+ 33. Kb5
Rd3 34. Ne5 Rd4 35. Ka6 Rxa4 36. Kxa7 Nc4+ 37. Kb7 Nxe5 38. fxe5 b5 39. Kc6 b4
40. Kb5 Ra3 41. Kxc5 b3 42. Kb4 Ra2 43. Re3 b2 44. Rb3 Kf8 45. Kc3 Ke7 46. Rxb2
Rxb2 47. Kxb2 Ke6 48. Kc3 Kxe5 49. Kd3 h5 50. Ke3 g5 51. h3 f6 0-1